| 000 | 00884nam a2200253 a 4500 | ||
|---|---|---|---|
| 001 | BRL_1645 | ||
| 005 | 20190320211314.0 | ||
| 008 | 210414s1907----nyua######---#000-0#eng-# | ||
| 041 | _aeng | ||
| 044 | _anyu | ||
| 050 | 4 |
_aF1435 _b.T69 1907 |
|
| 100 | 1 |
_aTozzer, Alfred M. _d1877-1954 _q(Alfred Marston) _927524 |
|
| 245 | 1 | 0 |
_aA comparative study of the mayas and the lacandones _cby Alfred M. Tozzer. |
| 260 |
_aNew York _bPublished for the Archaeological Institute of America by MacMillan _c1907 |
||
| 300 |
_axx, 195 p. _bil., láminas _c25 cm. |
||
| 440 | 0 |
_aArchaeological Institute of America. Report of the fellow in American Archaeology 1902-1905 _927525 |
|
| 500 | _aAu1840 | ||
| 500 | _aEstado físico: Lomo en malas condiciones. | ||
| 504 | _aBibliografía: p. 191-195 | ||
| 650 | 1 | 4 |
_aMayas _98077 |
| 650 | 1 | 4 |
_aLacandones _923920 |
| 902 | _aGRL | ||
| 942 |
_2lcc _cB |
||
| 999 |
_c10454 _d10454 |
||